| 000 | 00000nam##2200000za#4500 |
| 001 | 9.578757 |
| 003 | CaOODSP |
| 005 | 20210624190234 |
| 007 | cr ||||||||||| |
| 008 | 150406|1988||||xxc|||||o f|0| 0 eng|d |
| 022 | |a1488-5387 |
| 040 | |aCaOODSP|beng |
| 043 | |an-cn--- |
| 086 | 1 |aFs97-4/1963E-PDF |
| 110 | 1 |aCanada. |bDepartment of Fisheries and Oceans. |
| 245 | 10|aReview of chinook salmon escapements in the Nechako River, British Columbia / |h[electronic resource]|cby L. Jaremovic and D. Rowland. |
| 260 | |aVancouver - British Columbia : |bFisheries and Oceans Canada |cMarch 1988. |
| 300 | |a146p.|bfigs., graphs, maps, references, tables |
| 490 | 1 |aCanadian manuscript report of fisheries and aquatic sciences|x1488-5387|vNo. 1963 |
| 546 | |a(Résumés en français) |
| 590 | |a14-04-Supp|b2014-02-05 |
| 830 | #0|aCanadian manuscript report of fisheries and aquatic sciences,|x1488-5387|vNo. 1963|w(CaOODSP)9.505211 |
| 856 | 40|ahttp://publications.gc.ca|qPDF|s8997 KB|uhttps://publications.gc.ca/collections/collection_2014/mpo-dfo/Fs97-4-1963-eng.pdf|yNo. 1963 |